Белый дракон. По лезвию катаны: роман

التفاصيل البيبلوغرافية
المؤلف الرئيسي: Логачев А. Александр
الملخص:В какие только края не закидывала кочевая судьба Артема Топильского. Но на сей раз судьба явно перестаралась — цирковой артист очутился в средневековой Японии. Не очень-то его там, оказывается, и ждали! В военно-феодальной Японии вообще нет места чужакам. А что вы хотите? Япония живет почти в полной изоляции от внешнего мира. Бесконечная борьба самурайских родов за власть, земли и привилегии. Строгое кастовое деление общества и при этом сложнейшее переплетение разных ветвей власти. Суровые, жестокие нравы. И какой прием может ожидать незваного гостя? Да голову с плеч, вот и весь прием. Но не тот человек Артем, чтобы покорно подставить шею под меч. Скорее он, прирожденный воздушный гимнаст, попытается пройти по лезвию катаны...
اللغة:الروسية
منشور في: СПб., Крылов, 2006
سلاسل:Историческая авантюра
Мужской клуб
الموضوعات:
التنسيق: MixedMaterials كتاب
KOHA link:https://koha.lib.tpu.ru/cgi-bin/koha/opac-detail.pl?biblionumber=116831

MARC

LEADER 00000nam0a2200000 4500
001 116831
005 20231031123359.0
010 |a 5971700693 
035 |a (RuTPU)RU\TPU\book\126428 
090 |a 116831 
100 |a 20070528d2006 m y0rusy50 ca 
101 0 |a rus 
102 |a RU 
105 |a y z 000ay 
200 1 |a Белый дракон. По лезвию катаны  |e роман  |f А. Логачев 
210 |a СПб.  |c Крылов  |d 2006 
215 |a 384 с. 
225 1 |a Историческая авантюра 
225 1 |a Мужской клуб 
330 |a В какие только края не закидывала кочевая судьба Артема Топильского. Но на сей раз судьба явно перестаралась — цирковой артист очутился в средневековой Японии. Не очень-то его там, оказывается, и ждали! В военно-феодальной Японии вообще нет места чужакам. А что вы хотите? Япония живет почти в полной изоляции от внешнего мира. Бесконечная борьба самурайских родов за власть, земли и привилегии. Строгое кастовое деление общества и при этом сложнейшее переплетение разных ветвей власти. Суровые, жестокие нравы. И какой прием может ожидать незваного гостя? Да голову с плеч, вот и весь прием. Но не тот человек Артем, чтобы покорно подставить шею под меч. Скорее он, прирожденный воздушный гимнаст, попытается пройти по лезвию катаны... 
610 1 |a русская литература 
610 1 |a романы 
610 1 |a фантастика 
610 1 |a боевики 
675 |a Р2  |v 3 
700 1 |a Логачев  |b А.  |g Александр 
801 1 |a RU  |b 63413507  |c 20070528  |g PSBO 
801 2 |a RU  |b 63413507  |c 20070605  |g PSBO 
942 |c BK